000 00453nam a22001697a 4500
005 20250824204410.0
008 250824b |||||||| |||| 00| 0 eng d
020 _a9780670098798
041 _aeng
082 _a920 KAL
100 _aKalyanaraman, T.S
245 _aThe Golden Touch: The Iconic Story of Building Kalyan Jewellers
260 _aHaryana
_bPenguin Business
_c2023
300 _a158;. p. 24 cm
650 _aAutobiography
942 _cBK
999 _c46477
_d46477